000 00535nam a2200193Ia 4500
008 151119s9999||||xx |||||||||||||| ||und||
082 _a520
082 _bGKKV13740
100 _aसोवनी रा वि
245 _aपृथ्वी चरित्र
260 _a--
260 _b--
260 _c0
600 _aसोवनी रा वि
630 _aपृथ्वी चरित्र
700 _aसोवनी रा वि
730 _aपृथ्वी चरित्र
942 _cBOOK
999 _c1067347
_d1067344